Politika bývania na celoštátnej a sídelnej úrovni, manažment bývania

Bibliographic Details
Main Author: Hanzalík, Marián (Author)
Format: Article
Language:Slovak
ISBN:8023103083

MARC

LEADER 00000naa a2200000uu 4500
001 vtls011081962
003 SK-MaSNL
005 20260302112500.0
008 210905|1995 xo |||||||||||||||||slo|
015 |a SNBRA 
035 |a (urnnbn)urn:nbn:sk:snk:ar-a0cj95 
035 |a (uuid)52eea050-e718-48be-a606-f194bd4c4090 
035 |a urn:nbn:sk:snk-aavp89 
040 |a SNKBUCL  |b slo  |c SNKBUCL  |e AACR2 
041 0 |a slo 
044 |a xo  |c SK 
100 1 |a Hanzalík, Marián  |4 aut  |9 791500 
245 1 0 |a Politika bývania na celoštátnej a sídelnej úrovni, manažment bývania  |c MARIÁN HANZALÍK 
773 0 |t Nadstavby panelových domov '95  |d Žilina : Dom techniky ZS VTS, 1995  |g S. 4-11  |z 8023103083 
958 |a OND 
958 |a article12 
958 |a chapter 
999 |c 1251981  |d 1253911